000 01143nam0a22002891 4500
001 rc\4882345
005 20250613025700.0
021 _aRU
_b[66-58396]
035 _a(NLR Aleph) 008917070
090 _a8800377
_c8800377
100 _a20130426d1966 |||y0rusy50 ca
101 0 _arus
102 _aRU
105 _aab z |||||
200 1 _aСельские поселения афригидского Хорезма
_e(По материалам Беркут-калин. оазиса)
_fАН СССР. Ин-т этнографии им. Н.Н. Миклухо-Маклая
210 _aМосква
_cНаука
_d1966
215 _a155 с., 2 л. карт.
_cил.
_d26
320 _aБиблиогр. обзор: с. 3-7
606 _aХорезмийская культура
_2psbo
606 _aЖилище среднеазиатское
_2psbo
606 _aАрхеологические памятники
_yХорезм древний
_2psbo
700 1 _aНеразик
_bЕ.Е.
_gЕлена Евдокимовна
801 0 _aRU
_bNLR
_gpsbo
801 1 _aRU
_bELAR
_2rusmarc
852 _aNLR
_j66-7/1545
942 _cBOOK
980 _aNB